Alphabet progressif - Statistiques

Statistiques générales
  • Ce quiz a été pris 277 fois
    251 depuis la dernière actualisation
  • Le résultat moyen est 17 sur 26
Statistiques - réponses
Réponse % Correct
a
100%
ab
93%
abc
93%
abcd
91%
abcde
89%
abcdef
88%
abcdefg
85%
abcdefgh
83%
abcdefghi
82%
abcdefghij
82%
abcdefghijk
79%
abcdefghijkl
79%
abcdefghijklm
77%
abcdefghijklmn
77%
abcdefghijklmno
74%
abcdefghijklmnop
72%
abcdefghijklmnopq
66%
abcdefghijklmnopqr
58%
abcdefghijklmnopqrs
52%
abcdefghijklmnopqrst
41%
abcdefghijklmnopqrstu
31%
abcdefghijklmnopqrstuv
22%
abcdefghijklmnopqrstuvw
15%
abcdefghijklmnopqrstuvwx
11%
abcdefghijklmnopqrstuvwxy
7%
abcdefghijklmnopqrstuvwxyz
5%
Aucun quiz correspondant
Distribution des résultats
% des personnes avec chaque résultat
Percentile par nombre de réponses
Votre historique - résultats
Vous n’avez pas pris ce quiz depuis la dernière actualisation